Nocturne Pondicherry/ (Record no. 205952)

MARC details
000 -LEADER
fixed length control field 00620nam a22001937a 4500
005 - DATE AND TIME OF LATEST TRANSACTION
control field 20240926162926.0
010 ## - LCCN (DPL NO)
LC control number ENG-141797
020 ## - INTERNATIONAL STANDARD BOOK NUMBER
International Standard Book Number 9789357318815
Terms of availability 399.00
035 ## - SYSTEM CONTROL NUMBER
System control number EN-125329
037 ## - SOURCE OF ACQUISITION
Source of stock number/acquisition DBAD
082 ## - DEWEY DECIMAL CLASSIFICATION NUMBER
Classification number S
100 ## - MAIN ENTRY--PERSONAL NAME
Personal name Gautier, Ari
245 ## - TITLE STATEMENT
Title Nocturne Pondicherry/
Statement of responsibility, etc By Ari Gautier [and] Translated By Roopam Singh
260 ## - PUBLICATION, DISTRIBUTION, ETC. (IMPRINT)
Place of publication, distribution, etc Gurugram
Name of publisher, distributor, etc Hachelle Book Publishing India Pvt Ltd
Date of publication, distribution, etc 2024
270 ## - ADDRESS
Address 4th & 5th Floor, Corporate Centre, Plot No. 94, Sector 44
City Gurugram
Postal code 122003
300 ## - PHYSICAL DESCRIPTION
Extent 135p.
Dimensions 20cm.(pb)
700 ## - ADDED ENTRY--PERSONAL NAME
Personal name Roopam Singh
Relator term Translated
9 (RLIN) 72060
942 ## - ADDED ENTRY ELEMENTS (KOHA)
Source of classification or shelving scheme Dewey Decimal Classification
Item type English Books
Classification part S
Call number suffix GAU
Holdings
Withdrawn status Lost status Not for loan Collection code Home library Current library Date acquired Source of acquisition Cost, normal purchase price Full call number Barcode Copy number Cost, replacement price Koha item type
      Fiction Ashok Vihar Ashok Vihar 26/09/2024 Delivery of Books Act Division 399.00 S GAU EN-125329 1 399.00 English Books

© Delhi Public Library
Hit Counter
free hit counter